000 00801nam a2200241Ia 4500
003 GCL
008 140319s9999 xx 000 0 ara d
040 _aGCL /
_cGCL
082 0 4 _a913.04
_bب ر
100 1 _aابن بطوطة : شرف الدين ابوعبدالله محمد بن عبدالله
245 1 0 _aرحلة ابن بطوطة /
_cابن بطوطة : شرف الدين ابوعبدالله محمد بن عبدالله
260 _aبيروت :
_bدار صادر ،
_c1992
300 _a749 ص ؛
_c24 سم
490 _a
650 0 4 _aالعالم العربى
650 0 4 _aتاريخ
650 0 4 _aالعادات والتقاليد
650 0 4 _aالرحلات
650 0 4 _aالرحالة العرب
650 0 4 _aالاثار
650 0 4 _aاسيا
942 _2ddc
_cBK
999 _c31114
_d31114